Bagdad odmieta vydať požadované dokumenty politická kríza medzi Irakom a Spojenými štátmi sa opäť príkro vyostruje

Bibliographic Details
Main Author: Ondrejčeková, Júlia (Author)
Format: Article
Language:Slovak
Subjects:

MARC

LEADER 00000nab a2200000 a 4500
001 vtls000678515
003 SK-MaSNL
005 20260304055450.0
008 180206c1998 xo 0 slo
015 |a SNBRB1998/11-24416 
035 |a CLN000030684 
040 |a SNKBUCL  |b slo  |c SNKBUCL  |e AACR2 
041 0 |a slo 
044 |a xo  |c SK 
080 |a 355.02(567):061.1(100)  |2 UDC-MRF-SK2 
080 |a 061.1(100)  |2 UDC-MRF-SK2 
080 |a 327(73:567)  |2 UDC-MRF-SK2 
100 1 |a Ondrejčeková, Júlia  |4 aut  |9 675254 
245 1 0 |a Bagdad odmieta vydať požadované dokumenty  |b politická kríza medzi Irakom a Spojenými štátmi sa opäť príkro vyostruje  |c Júlia Ondrejčeková 
610 7 |a OSN  |b UNSCOM  |z Irak  |2 snkbucl  |9 1341435 
651 7 |a Irak  |2 snkbucl  |9 28953 
651 7 |a Spojené štáty americké  |x politika zahraničná  |x Irak  |y 1998  |2 snkbucl  |9 894346 
655 7 |a články z novín a časopisov  |2 snkbucl  |9 267496 
773 0 |t Slovenská republika  |g Roč. 6, č. 272 (24.11.1998), s. 6 
850 |a Slovenská národná knižnica v Martine 
852 |a SNK  |b KIS3GCP 
958 |a RBX 
999 |c 2724513  |d 2726443